000 00529nam a2200193 a 4500
001 BRL_585
005 20190320210818.0
008 040913s1897----gw-#######---#000-0#ger-#
041 _ager
044 _agw
050 4 _aM1994
_b.K66 1897
245 1 0 _aKommersbuch Studentenliederbuch
_bLieder Fahrender Schüler
260 _aLeipzig
_bDrud und Verlag von Phillipp Reclam Jun.
_c[1987]
300 _a111 p.
_c14 cm.
500 _aAu640
650 1 4 _aCanciones estudiantiles
_zAlemania
_924358
902 _aGRL
942 _2lcc
_cB
999 _c9397
_d9397